000 00698nam a2200193Ia 4500
001 4390
003 GE_BSU
008 181216s||||||||xx |||||||||||||| ||und||
040 _cGE_BSU
080 _a658.261:66.013
100 _aКлименко,В.Л. Костерин,Ю.В.
245 _aЭнергоресурсы нефтеперерабатывающей и нефтехимической промышленности.
260 _aЛ.
260 _bХимия.
260 _c1985.
300 _a256 стр.с илл. 20 см.
653 _aЭнергоресурсы нефтеперерабатывающей и нефтехимической промышленности.
942 _cBK
999 _c38380
_d38380